00480nam a2200193 a 4500001001300000003000900013005001700022008004100039020001000080082001700090100002400107245002100131260003700152300000800189500003500197505001200232650001800244700002400262nice12345678IN_TiNIC20260116011911.0050524s1321 luca grp 000 0 urd  ac10000a297.446bAHM aAhmad, Qutub Ud-Din aRisala-E-Aqiqah. aLucknowbDar Matba Mustafac1321 a32p aincludes index and biblioraphy2 aReserve aIslam-Rituals1 aAhmad, Qutub Ud-Din